| 000 | 00387pab a2200157 454500 | ||
|---|---|---|---|
| 008 | 180718b1995 xxu||||| |||| 00| 0 eng d | ||
| 100 | _aSahay, S. | ||
| 245 | _aGovernor vs speaker | ||
| 260 | _c1995 | ||
| 300 | _ap.13 | ||
| 362 | _a28 Jun | ||
| 650 | _aLegislative Officers - Powers and duties - India | ||
| 650 | _aGovernors - India | ||
| 773 | _aHindustan Times | ||
| 909 | _a29213 | ||
| 999 |
_c29213 _d29213 |
||